000 00564 a2200217 4500
001 110802
020 _a9780133126082
041 _aeng
082 _a500
100 _aJohason, Terry [et. al.]
250 _a. ed.
300 _a340 p
697 _aScience - Study and teaching.
700 _aTerry Johanson et al.
856 _u000001/00000134.jpg
040 _aBR-BrIDEA
_cBR-BrIDEA
090 _aP Year 6 500
_bJOH
245 1 0 _aPearson science 6
_bSaskatchewan edition
_cTerry Johanson et al
260 _aCanada
_bPearson Canada
_c2013
942 _cBK
999 _c110802
_d110802